Portugal, história arte e cultura (Registo nº 197616)
[ vista simples ]
| 000 -Etiqueta do registo | |
|---|---|
| Valores | 00713nam 22001933 4500 |
| 100 ## - Dados gerais de processamento | |
| Dados gerais | 20250826d u||y0pory50 ba |
| 200 ## - Titulo e menção de responsabilidade | |
| Título próprio | Portugal, história arte e cultura |
| Primeira menção de responsabilidade | Jose Correia de Azevedo |
| 210 ## - Publicação | |
| Local de publicação | Lisboa |
| Nome do editor | Euro Informação |
| Data de publicação | [D.L. 1993] |
| 215 ## - Descrição física | |
| Paginação / Volumes | 6 vols |
| Outras indicações físicas | encadernados |
| Dimensões | 30 cm |
| 327 ## - Nota de conteúdo | |
| Texto da nota | NOTAS: 6 volumes<br/>1º vol.: 192 p.<br/>2º vol.: 191 p.<br/>3º vol.: 191 p.<br/>4º vol.: 191 p.<br/>5º vol.: 192 p.<br/>6º vol.: 187 [5] p. |
| 606 ## - Nome comum usado como assunto | |
| ID Autoridade | 1574 |
| Palavra de ordem | História de Portugal |
| 610 ## - Termos não controlados | |
| Palavra de ordem | Cultura Portuguesa -- Portugal História |
| 675 ## - CDU | |
| Notação | 94 (469) |
| Edição | PT |
| Língua | por |
| 700 ## - Autor principal (pessoa individual) | |
| ID Autoridade | 13658 |
| Apelido | Azevedo |
| Nome | José Correia de |
| 801 ## - Fonte de origem | |
| País | PT |
| Agência | BMMN |
| Regras de catalogação | RPC |
| 830 ## - Notas gerais do catalogador | |
| Criado por | Fernando |
| Indexado por | Fernando |
| 990 ## - Elementos KOHA | |
| Tipo de documento | Livro |
| Situação do levantamento | Biblioteca de origem | Código de barras | Cota | Permissão de empréstimo | Tipo de documento | Forma de aquisição |
|---|---|---|---|---|---|---|
| Biblioteca Municipal de Montemor-o-Novo | 25734 | 94 (469) AZE|LG (vol.1) | Livro | Compra | ||
| Biblioteca Municipal de Montemor-o-Novo | 25736 | 94 (469) AZE|LG (vol.2) | Livro | Compra | ||
| Biblioteca Municipal de Montemor-o-Novo | 25737 | 94 (469) AZE|LG (vol.3) | Livro | Compra | ||
| Biblioteca Municipal de Montemor-o-Novo | 25739 | 94(469) AZE| LG (vol.4) | Livro | Compra | ||
| Biblioteca Municipal de Montemor-o-Novo | 25740 | 94 (469) AZE|LG (vol.5) | Livro | Compra | ||
| Biblioteca Municipal de Montemor-o-Novo | 25741 | 94(469) AZE| LG (vol.6) | Livro | Compra |